Pays occupés en 1945 - Statistiques

Statistiques générales
  • Ce quiz a été pris 70 fois
  • Le résultat moyen est 6 sur 10
Statistiques - réponses
Début Fin Pays Réponse % Correct
1945 1949 4 Allemagne
89%
1945 1955 4 Autriche
83%
1944 1956 1 Pologne
81%
1945 1952 1 Japon
76%
1943 1947 3 Italie
75%
1944 1947 1 Hongrie
70%
1945 (1953) 2 Corées
52%
1944 1958 1 Roumanie
44%
1943 1951 2 Libye
16%
1941 1960 2 Somalie
10%
Aucun quiz correspondant
Distribution des résultats
% des personnes avec chaque résultat
Percentile par nombre de réponses
Votre historique - résultats
Vous n’avez pas pris ce quiz